Detalles MARC
| 000 -LEADER |
| fixed length control field |
01764nam a2200469Ii 4500 |
| 001 - CONTROL NUMBER |
| control field |
DIGNADIR0313 |
| 003 - CONTROL NUMBER IDENTIFIER |
| control field |
NyNyDIG |
| 006 - FIXED-LENGTH DATA ELEMENTS--ADDITIONAL MATERIAL CHARACTERISTICS |
| fixed length control field |
m o d |
| 007 - PHYSICAL DESCRIPTION FIXED FIELD--GENERAL INFORMATION |
| fixed length control field |
cr ||||||||||| |
| 008 - FIXED-LENGTH DATA ELEMENTS--GENERAL INFORMATION |
| fixed length control field |
130101s2011 sp ob 000 1 spa d |
| 020 ## - INTERNATIONAL STANDARD BOOK NUMBER |
| International Standard Book Number |
9788492890262 |
| Qualifying information |
(eBook) |
| 020 ## - INTERNATIONAL STANDARD BOOK NUMBER |
| Canceled/invalid ISBN |
9788493465223 |
| 020 ## - INTERNATIONAL STANDARD BOOK NUMBER |
| Canceled/invalid ISBN |
8493465224 |
| 035 ## - SYSTEM CONTROL NUMBER |
| System control number |
(OCoLC)843455987 |
| 040 ## - CATALOGING SOURCE |
| Original cataloging agency |
DGITA |
| Language of cataloging |
eng |
| Description conventions |
pn |
| Transcribing agency |
DGITA |
| 041 1# - LANGUAGE CODE |
| Language code of text/sound track or separate title |
spa |
| Language code of original |
rus |
| 050 14 - LIBRARY OF CONGRESS CALL NUMBER |
| Classification number |
PG3273 eBook |
| 240 10 - UNIFORM TITLE |
| Uniform title |
Short Stories. |
| Language of a work |
Spanish |
| 245 00 - TITLE STATEMENT |
| Title |
Pólux : |
| Remainder of title |
seis relatos de ciencia ficción rusa / |
| Statement of responsibility, etc. |
Valentina Zuravleva ... [et al.]. |
| 250 ## - EDITION STATEMENT |
| Edition statement |
1. ed. |
| 264 #1 - PRODUCTION, PUBLICATION, DISTRIBUTION, MANUFACTURE, AND COPYRIGHT NOTICE |
| Place of production, publication, distribution, manufacture |
Valencia [Spain] : |
| Name of producer, publisher, distributor, manufacturer |
El Nadir Ediciones, |
| Date of production, publication, distribution, manufacture, or copyright notice |
2011. |
| 300 ## - PHYSICAL DESCRIPTION |
| Extent |
1 online resource (226 pages) |
| 336 ## - CONTENT TYPE |
| Content type term |
text |
| Content type code |
txt |
| Source |
rdacontent |
| 337 ## - MEDIA TYPE |
| Media type term |
computer |
| Media type code |
c |
| Source |
rdamedia |
| 338 ## - CARRIER TYPE |
| Carrier type term |
online resource |
| Carrier type code |
cr |
| Source |
rdacarrier |
| 490 1# - SERIES STATEMENT |
| Series statement |
Narrativas el Nadir ; |
| Volume/sequential designation |
13. |
| 505 1# - FORMATTED CONTENTS NOTE |
| Formatted contents note |
El Capitán de la Astronave : Pólux / Valentina Zuravleva -- El despertar del Profesor Bern / Vladimir Savchenko -- Los cangrejos caminan sobre la isla / A. Dneprov -- La esfera de fuego / Vladimir Nemcov -- Mister Risus / Aleksandr Beljaev. |
| 650 #0 - SUBJECT ADDED ENTRY--TOPICAL TERM |
| Topical term or geographic name entry element |
Science fiction, Russian. |
| 650 #0 - SUBJECT ADDED ENTRY--TOPICAL TERM |
| Topical term or geographic name entry element |
Short stories, Russian. |
| 655 #0 - INDEX TERM--GENRE/FORM |
| Genre/form data or focus term |
Electronic books. |
| 700 1# - ADDED ENTRY--PERSONAL NAME |
| Personal name |
Zhuravleva, V. |
| Fuller form of name |
(Valentina) |
| 700 1# - ADDED ENTRY--PERSONAL NAME |
| Personal name |
Savchenko, Vladimir, |
| Dates associated with a name |
1933- |
| 700 1# - ADDED ENTRY--PERSONAL NAME |
| Personal name |
Beliáev, Alexandr, |
| Dates associated with a name |
1884-1942. |
| 700 1# - ADDED ENTRY--PERSONAL NAME |
| Personal name |
Dneprov, Anatoly. |
| 700 1# - ADDED ENTRY--PERSONAL NAME |
| Personal name |
Nemcov, Vladimir I. |
| 791 2# - |
| -- |
Digitalia (Firm), |
| -- |
distributor. |
| 793 0# - |
| -- |
Digitalia eBook Collection: |
| -- |
El Nadir Ediciones. |
| 830 #0 - SERIES ADDED ENTRY--UNIFORM TITLE |
| Uniform title |
Narrativas el Nadir ; |
| Volume/sequential designation |
13. |
| 856 40 - ELECTRONIC LOCATION AND ACCESS |
| Materials specified |
Digitalia Hispánica |
| Uniform Resource Identifier |
<a href="https://www.digitaliapublishing.com/a/10143/">https://www.digitaliapublishing.com/a/10143/</a> |
| 910 ## - USER-OPTION DATA (OCLC) |
| User-option data |
Premium Collection: 2007-2012 |
| 942 ## - ADDED ENTRY ELEMENTS (KOHA) |
| Koha item type |
Recurso Electrónico |